| 000 | 00696nam a2200217 a 4500 | ||
|---|---|---|---|
| 001 | 000026113 | ||
| 005 | 20240510073816.0 | ||
| 008 | 110301s2005 sp a r 000 0 spa d | ||
| 020 | _a8474327962 | ||
| 040 |
_aDO-SdBNP _bspa _cBNPHU |
||
| 082 |
_a100 _bC112i |
||
| 100 | 1 |
_aCabanchik, Samuel _d1958- _953059 |
|
| 245 | 1 | 0 |
_aIntroducciones a la filosofía / _cSamuel Cabanchik. |
| 260 |
_aBarcelona, (España) : _bGedisa, _c2005. |
||
| 300 |
_a202, [3] p. : _bil. ; _c20 cm. |
||
| 490 | 1 |
_aBiblioteca de educación ; _atemas de Cátedra _v1 |
|
| 504 | _aIncluye bibliografías | ||
| 650 | 0 |
_aFilosofía _9813 |
|
| 830 | 0 |
_aBiblioteca de educación ; _ptemas de Cátedra _v1 _953060 |
|
| 049 | _aBNGR | ||
| 999 |
_c25605 _d25605 |
||